000 00408nam a2200133 a 4500
001 ASIN1930097549
005 20150424085659.0
008 150423s1983 xxu eng d
100 1 _aQayyin.
245 1 0 _aA hand book of islamic prayer
_cQayyin.
260 _a[Lahore] :
_bIslamic pub,
_c1983.
300 _a124 p. ;
_c21 cm.
856 4 0 _3Amazon.com
_uhttp://www.amazon.com/exec/obidos/ASIN//chopaconline-20
999 _c13314
_d13314